| 000 | 00363nam a22001217a 4500 | ||
|---|---|---|---|
| 008 | 230609b xxu||||| |||| 00| 0 eng d | ||
| 082 |
_a354.676 _bGOK |
||
| 110 | _bGOK | ||
| 245 |
_a2006/2007 Estimates of Development Expenditure of the GOk for the Year Endeing 30th June, 2007 _cVotes D01-D46 |
||
| 260 |
_aKenya _bGoK _cJune, 2006 |
||
| 300 | _a832p | ||
| 942 |
_2ddc _cBK |
||
| 999 |
_c932 _d932 |
||